Norwich City 100 Players Picture Quiz - Statistics

General Stats
  • This quiz has been taken 32 times
  • The average score is 61 of 100
Answer Stats
Picture Answer % Correct
Angus Gunn
100%
Emiliano Buendía
100%
James Maddison
100%
Josh Sargent
100%
Max Aarons
100%
Onel Hernández
100%
Teemu Pukki
100%
Tim Krul
100%
Todd Cantwell
100%
Adam Idah
96%
Jacob Murphy
96%
Jamal Lewis
96%
John Ruddy
96%
Jonathan Rowe
96%
Kenny McLean
96%
Shane Duffy
96%
Wes Hoolahan
96%
Ben Godfrey
93%
Gabriel Sara
93%
Russell Martin
93%
Timm Klose
93%
Alexander Tettey
89%
Borja Sainz
89%
Cameron Jerome
89%
Marcelino Núñez
89%
Nathan Redmond
89%
Ben Gibson
86%
Grant Holt
86%
Jack Stacey
86%
Jacob Sørensen
86%
Mario Vrančić
86%
Sam Byram
86%
Kieran Dowell
82%
Milot Rashica
82%
Bradley Johnson
79%
Christoph Zimmermann
79%
Ivo Pinto
79%
Marco Stiepermann
79%
Martin Olsson
79%
Robert Green
79%
Ante Crnac
75%
Dion Dublin
75%
Jonny Howson
75%
Jordan Hugill
75%
Robert Snodgrass
75%
Sébastien Bassong
75%
Andrew Omobamidele
71%
Darren Huckerby
71%
Fraser Forster
71%
Dimitris Giannoulis
64%
Ryan Bennett
64%
Simeon Jackson
64%
Tom Trybull
64%
Gary Hooper
61%
Mark Bunn
57%
Ricky van Wolfswinkel
57%
Steven Whittaker
57%
Anthony Pilkington
54%
Leroy Fer
54%
Nélson Oliveira
54%
Adam Drury
50%
David Fox
46%
Iwan Roberts
46%
Michael Turner
46%
Robert Earnshaw
46%
Simon Lappin
46%
David Marshall
43%
Dean Ashton
43%
Ryan Bertrand
43%
Gary Doherty
39%
Johan Elmander
39%
Korey Smith
39%
Lee Croft
39%
Andrew Surman
36%
David Bentley
32%
Paul McVeigh
32%
Steve Morison
32%
Youssef Safri
32%
Leon McKenzie
29%
Malky Mackay
29%
Michael Nelson
29%
Phil Mulryne
25%
Anthony McNamee
21%
Craig Fleming
21%
Darel Russell
21%
Luke Chadwick
21%
Mark Fotheringham
21%
Mathias Svensson
21%
Matty Pattison
21%
Thomas Helveg
21%
Alex Notman
18%
Damien Francis
18%
Darren Kenton
18%
Dickson Etuhu
18%
Elliott Ward
18%
David Nielsen
14%
Paul Gallacher
14%
Steen Nedergaard
14%
Marc Edworthy
11%
Peter Thorne
11%
No matching quizzes found
Score Distribution
Percent of People with Each Score
Percentile by Number Answered
Your Score History
You have not taken this quiz